| 000 | 01208ngm a22003490a 4500 | ||
|---|---|---|---|
| 001 | PT41508 | ||
| 003 | AR-LpoUNG | ||
| 005 | 20210201235917.0 | ||
| 007 | vd cvaizq | ||
| 008 | 191001s2009||||fr |||||||||||||||||fre d | ||
| 037 | _c$8 | ||
| 040 |
_aAR-LpoUNG _bspa _cAR-LpoUNG _eaacr |
||
| 041 | _afre | ||
| 044 | _afr | ||
| 082 | 0 | _a927 991cam | |
| 100 | 1 |
_aNuytten, Bruno _edir. |
|
| 245 | 1 | 0 | _aCamille Claudel |
| 260 |
_aParís : _bStudio Canal, _c2009. |
||
| 300 | _aDVD (159 min.) : son., col. | ||
| 505 | 0 | _aHecha en 1988. - Guión: Bruno Nuytten, Marilyn Goldin. - Elenco: Isabelle Adjani, Gérard Depardieu, Alain Cuny, Madeleine Robinson, Roger Planchon, Philippe Clévenot. | |
| 520 | _aLa vida de Camille Claudel es una historia de soledad provocada por la contradicción entre una mujer que amaba la libertad y el rechazo a la sociedad que le tocó vivir. Premios César a la mejor película, actriz, fotografía, decorados y vestuario. | ||
| 650 | 4 | _aARTE | |
| 650 | 4 | _aBIOGRAFIAS | |
| 650 | 4 | _aFRANCIA | |
| 651 | 4 | _aFrancia | |
| 653 | _aCINE FRANCES | ||
| 653 | _aDOCUMENTALES | ||
| 653 | _aVIDEOS | ||
| 700 | 1 |
_aGoldin, Marilyn _edir. |
|
| 905 | _a41508 | ||
| 942 | _cDVD | ||
| 999 |
_c53762 _d53762 |
||